000 00611nam a2200229Ia 4500
001 1094
003 GE_BSU
008 181216s||||||||xx |||||||||||||| ||und||
020 _a9785946283225
040 _cGE_BSU
080 _a547(075.5)
100 _aТравень,В.Ф.
245 _aОрганическая химия. т.2
245 _bУч-к для студ. высш. учебн. завед.
260 _aМосква
260 _bИЦК"Академкнига
260 _c2008
300 _a582стр.
541 _h35л.
653 _aОрганическая химия
942 _cBK
999 _c35247
_d35247